[Event "Stuttgart-chB int"]
[Site "Ditzingen"]
[Date "2018.05.13"]
[Round "7"]
[White "Zimmermann, Tobias"]
[Black "Hoffmann, Marcel"]
[Result "1/2-1/2"]
[WhiteElo "1797"]
[BlackElo "1673"]
[PlyCount "65"]
[EventDate "2018.05.10"]
[EventType "swiss"]
[EventRounds "7"]
[EventCountry "GER"]
[SourceTitle "EXT 2020"]
[Source "ChessBase"]
[SourceDate "2019.10.17"]
[SourceVersion "1"]
[SourceVersionDate "2019.10.17"]
[SourceQuality "1"]

1. e4 c5 2. Nf3 a6 3. d4 cxd4 4. Nxd4 Nf6 5. Nc3 e5 6. Nb3 Bb4 7. Bd3 d5 8. exd5 Nxd5 9. Bd2 Nxc3 10. bxc3 Be7 11. Qh5 Nc6 12. 0-0 g6 13. Qe2 Be6 14. Rad1 Qc7 15. Bh6 Rd8 16. Be4 Bf8 17. Bxc6+ bxc6 18. Rxd8+ Kxd8 19. Bxf8 Rxf8 20. Rd1+ Ke7 21. Qxa6 Rb8 22. Qa3+ Kf6 23. h4 Kg7 24. Qc5 Rb5 25. Qe3 Rd5 26. Rxd5 cxd5 27. Qc5 Qb8 28. a4 Bf5 29. Qxd5 Bxc2 30. Nc5 e4 31. Nxe4 Qb1+ 32. Kh2 Bxe4 33. Qd4+ 1/2-1/2

[Event "Stuttgart-chB int"]
[Site "Ditzingen"]
[Date "2018.05.11"]
[Round "3"]
[White "Hahn, Martin"]
[Black "Hoffmann, Marcel"]
[Result "1/2-1/2"]
[WhiteElo "1767"]
[BlackElo "1673"]
[PlyCount "41"]
[EventDate "2018.05.10"]
[EventType "swiss"]
[EventRounds "7"]
[EventCountry "GER"]
[SourceTitle "EXT 2020"]
[Source "ChessBase"]
[SourceDate "2019.10.17"]
[SourceVersion "1"]
[SourceVersionDate "2019.10.17"]
[SourceQuality "1"]

1. b3 e5 2. Bb2 f6 3. e3 d5 4. d4 e4 5. c4 c6 6. Nc3 Be6 7. f3 f5 8. Nh3 Bd6 9. f4 Nf6 10. Qd2 b6 11. Rc1 Nbd7 12. cxd5 Nxd5 13. Nxd5 Bxd5 14. Bc4 Qe7 15. 0-0 0-0 16. Nf2 Nf6 17. Rc2 Rac8 18. Rfc1 Rc7 19. Bxd5+ Nxd5 20. Rxc6 Rxc6 21. Rxc6 1/2-1/2

[Event "Stuttgart-chB int"]
[Site "Ditzingen"]
[Date "2005.05.07"]
[Round "5"]
[White "Wurdig, Georg"]
[Black "Hoffmann, Marcel"]
[Result "1-0"]
[WhiteElo "1629"]
[BlackElo "1346"]
[PlyCount "67"]
[EventDate "2005.05.05"]
[EventType "swiss"]
[EventRounds "7"]
[EventCountry "GER"]
[SourceTitle "EXT 2018"]
[Source "ChessBase"]
[SourceDate "2017.10.13"]
[SourceVersion "1"]
[SourceVersionDate "2017.10.13"]
[SourceQuality "1"]

1. d4 d5 2. e4 dxe4 3. Nc3 Nf6 4. f3 exf3 5. Nxf3 Bg4 6. h3 Bh5 7. g4 Bg6 8. Ne5 Nbd7 9. Qf3 c6 10. Bc4 Nxe5 11. dxe5 Ng8 12. Be3 e6 13. 0-0 Qe7 14. Rad1 h5 15. g5 Bf5 16. Ne4 Bxe4 17. Qxe4 g6 18. Rd2 Rh7 19. Rfd1 h4 20. c3 Qc7 21. Rd7 Qxd7 22. Rxd7 Kxd7 23. Bf2 Kc7 24. Bxh4 Bc5+ 25. Kg2 Ne7 26. Bf1 Rah8 27. Bf2 Bxf2 28. Kxf2 Rh4 29. Qe3 b6 30. Qf3 Nf5 31. b3 R4h5 32. Bg2 c5 33. Qb7+ Kd8 34. Bc6 1-0

[Event "Stuttgart-chB int"]
[Site "Ditzingen"]
[Date "2005.05.06"]
[Round "3"]
[White "Eltschkner, Christian"]
[Black "Hoffmann, Marcel"]
[Result "1-0"]
[WhiteElo "1570"]
[BlackElo "1346"]
[PlyCount "107"]
[EventDate "2005.05.05"]
[EventType "swiss"]
[EventRounds "7"]
[EventCountry "GER"]
[SourceTitle "EXT 2018"]
[Source "ChessBase"]
[SourceDate "2017.10.13"]
[SourceVersion "1"]
[SourceVersionDate "2017.10.13"]
[SourceQuality "1"]

1. c4 e5 2. g3 Nf6 3. Bg2 d5 4. cxd5 Nxd5 5. Nc3 Be6 6. Nf3 Nc6 7. 0-0 f6 8. a3 Qd7 9. Re1 0-0-0 10. d3 g5 11. Bd2 h5 12. h4 gxh4 13. Nxh4 Nxc3 14. Bxc3 Bd5 15. Bf1 Bc5 16. Rc1 Kb8 17. e4 Be6 18. Qf3 Rh6 19. Bd2 Bg4 20. Qg2 Bf8 21. Bxh6 Bxh6 22. Rb1 Nd4 23. f3 Be6 24. b4 Bg5 25. Kh2 Rg8 26. Qf2 Bxh4 27. gxh4 Qg7 28. Bh3 Bxh3 29. Kxh3 Qd7+ 30. Kh2 Ne6 31. Rg1 Rxg1 32. Rxg1 b6 33. Qf1 Nf4 34. Rg8+ Kb7 35. Rg3 Qd4 36. Kh1 c5 37. bxc5 Qxc5 38. Rg7+ Kc6 39. Rf7 Qxa3 40. d4 Qc3 41. Rxf6+ Kd7 42. Qb5+ Ke7 43. Qxe5+ Kd7 44. Qd6+ Kc8 45. Qf8+ Kb7 46. Qf7+ Ka6 47. Qa2+ Kb7 48. Rf7+ Kc8 49. Qa6+ Kd8 50. Qf1 Qe3 51. Rxa7 Qxd4 52. Qg1 Qc4 53. Qxb6+ Kc8 54. Qb7+ 1-0

[Event "Stuttgart-chB int"]
[Site "Ditzingen"]
[Date "2005.05.05"]
[Round "1"]
[White "Munk, Werner"]
[Black "Hoffmann, Marcel"]
[Result "1-0"]
[WhiteElo "1721"]
[BlackElo "1346"]
[PlyCount "191"]
[EventDate "2005.05.05"]
[EventType "swiss"]
[EventRounds "7"]
[EventCountry "GER"]
[SourceTitle "EXT 2018"]
[Source "ChessBase"]
[SourceDate "2017.10.13"]
[SourceVersion "1"]
[SourceVersionDate "2017.10.13"]
[SourceQuality "1"]

1. Nf3 c5 2. d3 Nc6 3. Nbd2 Nf6 4. g3 g6 5. Bg2 Bg7 6. 0-0 0-0 7. c3 d5 8. e4 d4 9. c4 e5 10. h3 Be6 11. Ng5 Bd7 12. Nb3 b6 13. f4 Ne8 14. Qe2 Qc8 15. Kh2 f6 16. Nf3 Bh6 17. Nh4 exf4 18. gxf4 Qc7 19. Kh1 Qc8 20. f5 Bxc1 21. Raxc1 g5 22. Nf3 Ng7 23. Nh2 Re8 24. Ng4 Kf7 25. Nh6+ Kf8 26. Rce1 Ne5 27. Nd2 Bc6 28. Kg1 Qb7 29. Rf2 Re7 30. Ng4 Nxg4 31. Qxg4 h5 32. Qg3 h4 33. Qg4 Rae8 34. Rfe2 Qc7 35. Nf3 Bd7 36. Nxg5 fxg5 37. Qxg5 Re5 38. Qxh4 Kg8 39. Qg3 Kf7 40. Qg6+ Kf8 41. f6 Ne6 42. f7 Rc8 43. Rf2 Ke7 44. Qf6+ Kf8 45. Qh6+ Ke7 46. Ref1 Rf8 47. Qf6+ Kd6 48. Rf5 Rxf5 49. exf5 Qd8 50. Qg6 Qg5 51. Re1 Qxg6 52. fxg6 Ng7 53. Bd5 Bxh3 54. Kf2 Bd7 55. Kg3 b5 56. Kf4 Be6 57. Bxe6 Nxe6+ 58. Kf5 Ng7+ 59. Kf6 Nh5+ 60. Kg5 Ng7 61. Kh6 Nf5+ 62. Kg5 Ng7 63. cxb5 Kd7 64. Kh6 Nf5+ 65. Kh7 Kd8 66. Rf1 Nd6 67. g7 Rxf7 68. Rxf7 Nxf7 69. g8Q+ Ke7 70. Qg7 Ke8 71. Qg6 Ke7 72. Qa6 Kd8 73. Qxa7 Nd6 74. Qxc5 Kd7 75. Qxd6+ Kxd6 76. a4 Kc5 77. Kg6 Kb6 78. Kf5 Kc5 79. Ke5 Kb6 80. Kxd4 Ka5 81. Ke5 Kb6 82. d4 Kc7 83. Ke6 Kd8 84. a5 Kc7 85. a6 Kb6 86. d5 Kc7 87. d6+ Kc8 88. d7+ Kd8 89. a7 Kc7 90. a8Q Kb6 91. d8R Kc5 92. Qc6+ Kb4 93. Rd4+ Kb3 94. Qc4+ Kxb2 95. Rd3 Kb1 96. Qe4 1-0

[Event "BEM-ch U16"]
[Site "Vaihingen/Enz"]
[Date "2003.02.01"]
[Round "4"]
[White "Hoffmann, Marcel"]
[Black "Loerincz, Benjamin"]
[Result "0-1"]
[WhiteElo "1025"]
[BlackElo "1353"]
[PlyCount "124"]
[EventDate "2003.01.??"]
[EventType "swiss"]
[EventRounds "7"]
[EventCountry "GER"]
[SourceTitle "EXT 2005"]
[Source "ChessBase"]
[SourceDate "2004.11.15"]
[SourceVersion "1"]
[SourceVersionDate "2004.11.15"]
[SourceQuality "1"]

1. e4 c6 2. Nf3 d5 3. exd5 cxd5 4. d4 Nf6 5. h3 e6 6. Bb5+ Bd7 7. Qe2 Qa5+ 8. Nc3 Ne4 9. Bxd7+ Nxd7 10. Qb5 Bb4 11. Qxa5 Bxa5 12. Bd2 Nxc3 13. bxc3 Rc8 14. c4 Bxd2+ 15. Nxd2 dxc4 16. 0-0 0-0 17. Ne4 Rc7 18. Rfb1 Nb6 19. Nd6 Rd7 20. Nb5 a6 21. Na3 Rd6 22. c3 Rc8 23. Rb2 Na4 24. Rc2 b5 25. Rb1 h6 26. h4 Re8 27. f4 Nb6 28. Re1 f6 29. Rce2 Nd5 30. f5 Nxc3 31. Rc2 Nd5 32. Nxc4 bxc4 33. Rxc4 Kf8 34. Rc2 exf5 35. Rxe8+ Kxe8 36. Re2+ Kd7 37. Rf2 f4 38. Rb2 Rb6 39. Rc2 g5 40. hxg5 fxg5 41. Rc5 Ne3 42. a4 Rb1+ 43. Kf2 Rb2+ 44. Kf3 Rxg2 45. a5 Rg3+ 46. Ke4 Ng4 47. d5 f3 48. Rc6 f2 49. Rc1 Ne3 50. Rb1 f1Q 51. Rxf1 Nxf1 52. d6 Kxd6 53. Kf5 Kd5 54. Kf6 h5 55. Ke7 h4 56. Kd7 h3 57. Kc7 h2 58. Kb6 h1Q 59. Kxa6 Qh6+ 60. Kb5 Rb3+ 61. Ka4 Kc4 62. a6 Qxa6# 0-1